000 01024nam a2200265Ia 4500
003 OSt
005 20220923211324.0
006 a|||||r|||| 00| 0
007 ta
008 220922b |||||||| |||| 00| 0 hin d
020 _a9788181439444 (hbk)
_c150
024 _a281,077
037 _b273, 03/03/2014, Vani Prakashan
_cTextual
040 _aARTS
_cARTS
_bhin
041 _2hin
_ahin
082 _aO44(Y5927):g, Q0
100 _aमस्के, साक्षान्त
245 0 _aपरम्परागत वर्ण - व्यवस्था और दलित साहित्य
246 _aParamparāgat varṇa - vyavasthā aur dalit sāhitya
260 _aनई दिल्ली
_b वाणी प्रकाशन
_c2010
300 _a108पृ.
_ccm.
650 _aहिन्दी साहित्य
_9156264
942 _hO44(Y5927):g, Q0
_cTEXL
_2CC
999 _c298485
_d298485